Normal view
MARC view
- MANDELSON,ELLIOTT
Entry Personal Name
001 - CONTROL NUMBER
- control field: 134170
003 - CONTROL NUMBER IDENTIFIER
- control field: NUST
005 - DATE AND TIME OF LATEST TRANSACTION
- control field: 20260416113947.0
008 - FIXED-LENGTH DATA ELEMENTS
- fixed length control field: 260416|| aca||aabn | a|a d
040 ## - CATALOGING SOURCE
- Original cataloging agency: NUST
- Transcribing agency: NUST
100 ## - HEADING--PERSONAL NAME
- Personal name: MANDELSON,ELLIOTT
670 ## - SOURCE DATA FOUND
- Source citation: Work cat.: (NUST): MANDELSON,ELLIOTT., SCHAUM'S SOLVED PROBLEMS SERIES 3000 SOLVED PROBLEMS IN CALCULUS /, 1988.
